| 000 | 00614nam a22002297a 4500 | ||
|---|---|---|---|
| 003 | LC | ||
| 005 | 20160223120121.0 | ||
| 008 | 130909t xxu||||| |||| 00| 0 eng d | ||
| 020 | _a0380002930 | ||
| 050 |
_aPR 6051 _b.Ad211 1972 |
||
| 082 |
_aFIC Ad19w _b 1972 |
||
| 100 |
_aAdams Richard _917486 |
||
| 245 |
_aWatership down _c Richard Adams |
||
| 260 |
_aNew York _bAvon Books _c1972 |
||
| 300 |
_a478 p. : _bill. l _c18 cm. |
||
| 650 | _a Rabbits -- Fiction. | ||
| 650 | _aOak Hall Episcopal School Accelerated Reader (6.2) | ||
| 650 | _aRabbits. | ||
| 942 |
_2lcc _cBK |
||
| 999 |
_c10728 _d10728 |
||